000 00314nam a22001337a 4500
008 171010b xxu||||| |||| 00| 0 eng d
020 _a9780495093350
041 _aeng
080 _230 ED
_a316
100 _a50
101 _aSOC
245 _aSOCIOLOGY OF DEVIANT BEHAVIOR
_cCLINARD.M.B
942 _2udc
_cBK
999 _c32964
_d32964